The Commonhold and Leasehold Reform Act 2002 (Commencement No. 2 and Savings) (Wales) Order 2004 (Record no. 103475)

MARC details
000 -LEADER
fixed length control field 01474cad a22002415a 4500
001 - CONTROL NUMBER
control field L125799
008 - FIXED-LENGTH DATA ELEMENTS--GENERAL INFORMATION
fixed length control field 040408s2004 xxk l f000 0 eng u
020 ## - INTERNATIONAL STANDARD BOOK NUMBER
International Standard Book Number 0110908821
035 ## - SYSTEM CONTROL NUMBER
System control number (Sirsi) u125799
245 04 - TITLE STATEMENT
Title The Commonhold and Leasehold Reform Act 2002 (Commencement No. 2 and Savings) (Wales) Order 2004
Medium [electronic resource]
260 ## - PUBLICATION, DISTRIBUTION, ETC.
Place of publication, distribution, etc. London
Name of publisher, distributor, etc. HMSO
Date of publication, distribution, etc. 2004
490 ## - SERIES STATEMENT
Series statement SI
Volume/sequential designation 2004: 669
520 ## - SUMMARY, ETC.
Summary, etc. Came into force 30 March 2004. Reg 2 lists various provisions of the Commonhold and Leasehold Reform Act 2002 coming into force. These include: a new right for long leaseholders of flats to collectively manage their building (ss71-113); changes to the definition of service charges and rights to challenge charges (ss150-155); changes to the provision relating to requests for insurance information from landlords (s157); the right to challenge charges under lease and estate management schemes (ss158-159); and the extension of Leasehold Valuation Tribunals (ss163-173 and s176). See Explanatory Note for further details. View at www.legislation.hmso.gov.uk.
590 ## - LOCAL NOTE (RLIN)
Local note CLR
650 ## - SUBJECT ADDED ENTRY--TOPICAL TERM
Topical term or geographic name entry element WALES
650 ## - SUBJECT ADDED ENTRY--TOPICAL TERM
Topical term or geographic name entry element COMMONHOLD AND LEASEHOLD REFORM ACT 2002
650 ## - SUBJECT ADDED ENTRY--TOPICAL TERM
Topical term or geographic name entry element LEASEHOLD VALUATION TRIBUNALS
650 ## - SUBJECT ADDED ENTRY--TOPICAL TERM
Topical term or geographic name entry element SERVICE CHARGES
650 ## - SUBJECT ADDED ENTRY--TOPICAL TERM
Topical term or geographic name entry element LEASEHOLDERS
690 ## - LOCAL SUBJECT ADDED ENTRY--TOPICAL TERM (OCLC, RLIN)
Topical term or geographic name as entry element LANDLORD AND TENANT-LEASEHOLD REFORM
856 ## - ELECTRONIC LOCATION AND ACCESS
Uniform Resource Identifier <a href="https://www.legislation.gov.uk/wsi/2004/669/contents/made">https://www.legislation.gov.uk/wsi/2004/669/contents/made</a>
Public note View the Order free of charge at www.legislation.gov.uk
942 ## - ADDED ENTRY ELEMENTS (KOHA)
Suppress in OPAC 0
Holdings
Withdrawn status Lost status Source of classification or shelving scheme Damaged status Not for loan Home library Current library Shelving location Date acquired Total Checkouts Full call number Barcode Date last seen Copy number Price effective from Koha item type
    Dewey Decimal Classification     Virtual Virtual Online 08/04/2004   ONLINE PUBLICATION 125799-2001 06/08/2019 1 06/08/2019 Book